| 000 | 00711nam a2200265Ia 4500 | ||
|---|---|---|---|
| 003 | OSt | ||
| 005 | 20221005044502.0 | ||
| 006 | a|||||r|||| 00| 0 | ||
| 007 | ta | ||
| 008 | 221004b |||||||| |||| 00| 0 eng d | ||
| 024 | _a30681 | ||
| 037 | _cTextual | ||
| 040 |
_aCRL _cCRL _beng |
||
| 041 |
_2eng _aeng |
||
| 082 | _a2:97, M6 | ||
| 100 |
_aBhargava G D Ed _943958 |
||
| 245 | 0 | _aDimensions in library and information science. | |
| 260 |
_aIndore _bAnamika _c1986 |
||
| 300 |
_a192p _ccm. |
||
| 650 | _a LIBRARY SCIENCE | ||
| 650 | _aLIBRARY SCIENCE | ||
| 700 |
_a Tejomurty A _9592580 |
||
| 942 |
_h2:97, M6 _cTEXL _2cc |
||
| 999 |
_c953450 _d953450 |
||